2. Handball Bundesliga - Mannschaften - Statistiken

Allgemein
  • Dieses Quiz wurde 42 mal gespielt
  • Das Durchschnittsergebnis liegt bei 11 aus 18
Antwortstatistiken
Verein % Korrekt
#14 TuSEM Essen
81%
#16 TV Großwallstadt
78%
#1 1. VfL Potsdam
75%
#10 SG BBM Bietigheim
69%
#3 Eulen Ludwigshafen
67%
#4 HBW Balingen-Weilstetten
67%
#5 HC Elbflorenz 2006
67%
#7 HSC 2000 Coburg
64%
#15 TV 05/07 Hüttenberg
64%
#18 VfL Lübeck-Schwartau
64%
#17 VfL Eintracht Hagen
61%
#11 TSV Bayer Dormagen
58%
#13 TuS N-Lübbecke
56%
#8 HSG Krefeld Niederrhein
53%
#9 HSG Norhorn-Lingen
53%
#6 HC Oppenweiler/Backnang
50%
#2 Dessau-Roslauer HV 06
47%
#12 TuS Ferndorf
47%
Keine übereinstimmenden Quizze gefunden
Verteilung der Resultate
Anzahl Personen mit jedem Resultat
Perzentil nach korrekt beantworteten Fragen
Ihre Resultats-Entwicklung
Sie haben dieses Quiz noch nicht gespielt